000 00599nam a22002177a 4500
003 OSt
005 20140310182832.0
008 130604t xxu||||| |||| 00| 0 eng d
020 _a0534258786
050 _aQD 31
_b.H468 2005
082 _aM 540
_bIn8 2005
245 _aIntroduction to general, organic, and biochemistry /
_cHein, Morris
250 _a8th ed.
260 _aHoboken, NJ
_bJohn Wiley & Sons, Inc.,
_c2005
300 _axxiv, 996 p. :
_bill. ;
_c26 cm.
521 _acollege students
526 _c1210L-1700L
541 _j1
562 _e1
942 _2lcc
_cBK
_kM
999 _c16674
_d16674